[Event "Eastern Asia-ch U16"]
[Site "Tornelo INT"]
[Date "2021.10.31"]
[Round "9"]
[White "Hardik, Madan"]
[Black "Satiaseelan, Vahhiin"]
[Result "1-0"]
[WhiteElo "1130"]
[BlackElo "1061"]
[PlyCount "127"]
[EventDate "2021.10.29"]
[EventType "swiss"]
[EventRounds "9"]
[EventCountry "NET"]
[SourceTitle "CBM 205 Extra"]
[Source "ChessBase"]
[SourceDate "2022.01.31"]
[SourceVersion "1"]
[SourceVersionDate "2022.01.31"]
[SourceQuality "1"]

1. Nf3 d5 2. c4 c6 3. g3 Nf6 4. Bg2 dxc4 5. Ne5 Be6 6. Qc2 Qd4 7. Nf3 Qe4 8. Qxe4 Nxe4 9. Ne5 Nd6 10. 0-0 Bd5 11. f3 Nd7 12. Ng4 f6 13. e3 0-0-0 14. e4 Bf7 15. a4 e5 16. f4 exf4 17. gxf4 h5 18. Ne3 Re8 19. Nc3 Nc5 20. Bh3+ Kc7 21. e5 fxe5 22. fxe5 Rxe5 23. Nxc4 Bxc4 24. d4 Bxf1 25. Bxf1 Re1 26. dxc5 Nf5 27. Bf4+ Kd7 28. Rxe1 Bxc5+ 29. Kh1 Rf8 30. Bh3 Kd8 31. Bg5+ Kc7 32. Re5 Bd4 33. Rxf5 Rxf5 34. Bxf5 Kd6 35. Bf4+ Kc5 36. Bg6 b5 37. axb5 cxb5 38. Bxh5 b4 39. Nd1 a5 40. b3 Kb5 41. Kg2 a4 42. Be8+ Ka5 43. Bxa4 Kb6 44. Kf3 Bf6 45. Ke4 Kc5 46. Be5 Bxe5 47. Kxe5 Kb6 48. h4 Kc5 49. h5 Kb6 50. Ke6 Kc5 51. Kf7 Kd4 52. Kxg7 Kd3 53. h6 Kc2 54. h7 Kxd1 55. h8Q Kc2 56. Qc8+ Kb2 57. Kf6 Kb1 58. Ke5 Kb2 59. Kd4 Ka2 60. Kd3 Ka1 61. Be8 Kb2 62. Bf7 Ka1 63. Kc2 Ka2 64. Qa8# 1-0

[Event "Eastern Asia-ch U16"]
[Site "Tornelo INT"]
[Date "2021.10.31"]
[Round "7"]
[White "Satiaseelan, Vahhiin"]
[Black "Chai, Chang Yik"]
[Result "1/2-1/2"]
[WhiteElo "1061"]
[BlackElo "1312"]
[PlyCount "116"]
[EventDate "2021.10.29"]
[EventType "swiss"]
[EventRounds "9"]
[EventCountry "NET"]
[SourceTitle "CBM 205 Extra"]
[Source "ChessBase"]
[SourceDate "2022.01.31"]
[SourceVersion "1"]
[SourceVersionDate "2022.01.31"]
[SourceQuality "1"]

1. d4 d5 2. Bf4 Nf6 3. Nd2 Bf5 4. e3 e6 5. Ngf3 c6 6. c3 Nbd7 7. Nh4 Bg6 8. Nxg6 hxg6 9. Bd3 Nh5 10. Qg4 Nxf4 11. Qxf4 Nf6 12. Nf3 Bd6 13. Ne5 Qc7 14. Qg3 Ne4 15. Bxe4 Bxe5 16. dxe5 dxe4 17. Qf4 Rh5 18. Qxe4 Rxe5 19. Qf4 Qa5 20. b4 Qb5 21. Qh4 Rh5 22. Qd4 Rd8 23. a4 Qa6 24. Qe4 Rhd5 25. c4 Rd2 26. 0-0 Qb6 27. b5 c5 28. a5 Qc7 29. Rfb1 Qd7 30. g3 Qd3 31. Qxb7 Qe2 32. Rf1 Rd1 33. Qc6+ Kf8 34. Raxd1 Rxd1 35. Qc8+ Ke7 36. Qxc5+ Kf6 37. Rxd1 Qxd1+ 38. Kg2 e5 39. Qc6+ Kg5 40. Qf3 Qd3 41. h4+ Kh6 42. Qg4 f5 43. Qg5+ Kh7 44. h5 Qe4+ 45. Kh2 gxh5 46. Qxh5+ Kg8 47. Qe8+ Kh7 48. Qc6 Qg4 49. Qg2 Qxc4 50. Qc6 Qg4 51. b6 Qd1 52. b7 e4 53. b8Q Qh5+ 54. Kg2 Qf3+ 55. Kf1 Qd1+ 56. Kg2 Qf3+ 57. Kh2 Qh5+ 58. Kg2 Qf3+ 1/2-1/2

[Event "Eastern Asia-ch U16"]
[Site "Tornelo INT"]
[Date "2021.10.31"]
[Round "8"]
[White "Satiaseelan, Vahhiin"]
[Black "Teo, Jun Kai Ethan"]
[Result "0-1"]
[WhiteElo "1061"]
[BlackElo "1086"]
[PlyCount "72"]
[EventDate "2021.10.29"]
[EventType "swiss"]
[EventRounds "9"]
[EventCountry "NET"]
[SourceTitle "CBM 205 Extra"]
[Source "ChessBase"]
[SourceDate "2022.01.31"]
[SourceVersion "1"]
[SourceVersionDate "2022.01.31"]
[SourceQuality "1"]

1. d4 Nf6 2. Bf4 d6 3. Nd2 g6 4. e4 Bg7 5. c3 c6 6. Ngf3 0-0 7. Bd3 Nh5 8. Be3 Nd7 9. h4 e5 10. dxe5 dxe5 11. Ng5 h6 12. Ngf3 Nf4 13. Bxf4 exf4 14. Qc2 Nc5 15. Be2 b5 16. Rd1 Qe7 17. b3 Bg4 18. b4 Na4 19. Ng1 Be6 20. Nb1 Rae8 21. f3 f5 22. Kf2 g5 23. hxg5 Qxg5 24. Bd3 fxe4 25. Bxe4 Qg3+ 26. Kf1 Bc4+ 27. Bd3 Bxd3+ 28. Qxd3 Re3 29. Qc2 Nxc3 30. Nxc3 Rxc3 31. Qd2 Re3 32. Ne2 Qg5 33. Qc2 Rfe8 34. Nd4 Bxd4 35. Qxc6 Bg7 36. Rh2 Qg3 0-1

[Event "Eastern Asia-ch U16"]
[Site "Tornelo INT"]
[Date "2021.10.29"]
[Round "3"]
[White "Satiaseelan, Vahhiin"]
[Black "Zaheri, Mehran"]
[Result "0-1"]
[WhiteElo "1061"]
[BlackElo "1552"]
[PlyCount "52"]
[EventDate "2021.10.29"]
[EventType "swiss"]
[EventRounds "9"]
[EventCountry "NET"]
[SourceTitle "CBM 205 Extra"]
[Source "ChessBase"]
[SourceDate "2022.01.31"]
[SourceVersion "1"]
[SourceVersionDate "2022.01.31"]
[SourceQuality "1"]

1. d4 c5 2. c3 cxd4 3. cxd4 d5 4. Nc3 Nf6 5. Bf4 Nc6 6. e3 Bf5 7. Nf3 e6 8. a3 Bd6 9. Ne5 Bxe5 10. dxe5 Nd7 11. Bb5 0-0 12. Bxc6 bxc6 13. h4 Rb8 14. g4 Be4 15. f3 Rxb2 16. fxe4 Qa5 17. Rc1 Nc5 18. 0-0 dxe4 19. Qd4 Nb3 20. Qxe4 Nxc1 21. Rxc1 Rd8 22. Bg5 Qxc3 23. Rf1 Qd3 24. Qf4 Rd7 25. Bf6 Qe2 26. Qg3 Qxf1+ 0-1